Statystyki dla Miasta odległe od Warszawy o mniej niż 1000 km (ponad 400000 ludności)

Kliknij tutaj aby rozwiązać quiz!

Ogólne statystyki

  • Ten quiz został rozwiązany 44 razy
    (37 od ostatniego zresetowania)
  • Średni wynik to 34 z 44

Statystyki odpowiedzi

KrajLudnośćMiasto% Poprawnych
Polska486 345Gdańsk
100%
Polska803 282Kraków
100%
Polska658 444Łódź
100%
Polska541 316Poznań
100%
Szwecja1 767 108Sztokholm
100%
Niemcy3 755 251Berlin
97%
Ukraina2 967 360Kijów
97%
Czechy1 357 326Praga
97%
Litwa546 155Wilno
97%
Polska674 079Wrocław
97%
Serbia1 273 651Belgrad
94%
Słowacja437 725Bratysława
94%
Węgry1 685 342Budapeszt
94%
Rumunia1 716 961Bukareszt
94%
Niemcy1 892 122Hamburg
94%
Finlandia664 028Helsinki
94%
Dania653 664Kopenhaga
94%
Ukraina724 314Lwów
94%
Białoruś1 995 471Mińsk
94%
Łotwa620 974Ryga
94%
Estonia437 817Tallinn
94%
Austria1 982 097Wiedeń
94%
Chorwacja779 145Zagrzeb
94%
Niemcy1 512 491Monachium
90%
Mołdawia678 200Kiszyniów
87%
Niemcy1 084 831Kolonia
87%
Niemcy616 093Lipsk
84%
Niemcy563 311Drezno
81%
Ukraina1 017 699Odessa
77%
Niemcy593 317Dortmund
74%
Niemcy569 396Brema
71%
Szwecja655 429Goteborg
68%
Rosja493 256Kaliningrad (Królewiec)
68%
Niemcy584 580Essen
61%
Niemcy629 047Dusseldorf
58%
Niemcy545 045Hanower
55%
Niemcy523 026Norymberga
55%
Niemcy632 865Stuttgart
55%
Niemcy773 068Frankfurt nad Menem
48%
Białoruś501 802Homel
45%
Ukraina619 728Krzywy Róg
26%
Niemcy502 211Duisburg
19%
Ukraina480 080Mikołajów
19%
Rosja402 675Briańsk
13%

Rozkład punktacji

Percentyl według liczby udzielonych odpowiedzi

Procent ludzi z każdym wynikiem

Twoja historia wyników

Nie rozwiązałeś tego quizu od ostatniego zresetowania